Euro 2024 - Équipes de Football - Statistiques

Statistiques générales
  • Ce quiz a été pris 1 954 fois
  • Le résultat moyen est 21 sur 24
Statistiques - réponses
Catégories Pays % Correct
Chapeau 1 France
99%
Chapeau 1 Espagne
98%
Chapeau 1 Allemagne
97%
Chapeau 1 Portugal
97%
Chapeau 4 Italie
96%
Chapeau 1 Angleterre
95%
Chapeau 3 Pays-Bas
93%
Chapeau 1 Belgique
91%
Chapeau 4 Suisse
91%
Chapeau 2 Autriche
89%
Chapeau 4 Pologne
88%
Chapeau 3 Croatie
87%
Chapeau 4 Ukraine
84%
Chapeau 2 Danemark
83%
Chapeau 2 Hongrie
82%
Chapeau 2 Turquie
82%
Chapeau 3 Slovaquie
81%
Chapeau 3 Écosse
80%
Chapeau 3 Slovénie
80%
Chapeau 2 Albanie
77%
Chapeau 2 Roumanie
77%
Chapeau 3 République Tchèque
73%
Chapeau 4 Serbie
72%
Chapeau 4 Géorgie
71%
Aucun quiz correspondant
Distribution des résultats
% des personnes avec chaque résultat
Percentile par nombre de réponses
Votre historique - résultats
Vous n’avez pas pris ce quiz